| 000 | 00840cab a2200277 4500 | ||
|---|---|---|---|
| 001 | WB3405-04 | ||
| 008 | 090401t1998 xxu||||| |||| 00| 0 eng d | ||
| 035 | _a(Sirsi) u83521 | ||
| 041 | _aeng | ||
| 245 | _aPrice cutters fail to expand | ||
| 260 | _c1998 | ||
| 350 | _a0 | ||
| 490 |
_aProperty Week _v61(4) 30 January 1998, 18(1) |
||
| 520 | _aForeign discount supermarkets have done well to accumulate 400 outlets since 1990, but have failed to meet the expansion targets they set themselves, according to Verdict Research. | ||
| 650 | _aALDI | ||
| 650 | _aDISCOUNT STORES | ||
| 650 | _aEXPANSION | ||
| 650 | _aFOODSTORES | ||
| 650 | _aFOREIGN RETAILERS | ||
| 650 | _aLIDL | ||
| 650 | _aNETTO | ||
| 650 | _aSUPERMARKETS | ||
| 690 | _aPROPERTY-COMMERCIAL PROPERTY-RETAIL PROPERTY | ||
| 942 | _n0 | ||
| 948 | _c04/02/1998 | ||
| 999 |
_c52752 _d52752 |
||